[Event "POL-ch Rapid U18 Girls"]
[Site "Bydgoszcz"]
[Date "2023.08.29"]
[Round "1"]
[White "Goraj, Barbara"]
[Black "Dallemura, Anna"]
[Result "1-0"]
[WhiteElo "1958"]
[BlackElo "1505"]
[PlyCount "55"]
[EventDate "2023.08.28"]
[EventType "swiss"]
[EventRounds "11"]
[EventCountry "POL"]
[SourceTitle "EXT 2024"]
[Source "ChessBase"]
[SourceDate "2023.10.10"]
[SourceVersion "1"]
[SourceVersionDate "2023.10.10"]
[SourceQuality "1"]

1. Nf3 Nc6 2. c4 e5 3. Nc3 Nf6 4. e4 Bc5 5. Nxe5 Nxe5 6. d4 Bxd4 7. Qxd4 Nc6 8. Qd1 h6 9. Be2 d6 10. 0-0 Bd7 11. b3 Qe7 12. f3 0-0-0 13. Be3 g5 14. Nd5 Nxd5 15. cxd5 Ne5 16. Bxa7 Rdg8 17. Rc1 Kd8 18. Bb8 c6 19. dxc6 Nxc6 20. Bxd6 Qf6 21. Qd5 Qg6 22. Rfd1 Qe6 23. b4 h5 24. b5 Qxd5 25. Rxd5 Na7 26. a4 Ke8 27. Bc5 Nc8 28. Rcd1 1-0

[Event "POL-ch U16 Girls"]
[Site "Sypniewo"]
[Date "2022.03.24"]
[Round "6"]
[White "Idzior, Izabela"]
[Black "Dallemura, Anna"]
[Result "0-1"]
[WhiteElo "1369"]
[BlackElo "1518"]
[PlyCount "106"]
[EventDate "2022.03.19"]
[EventType "swiss"]
[EventRounds "9"]
[EventCountry "POL"]
[SourceTitle "CBM 207 Extra"]
[Source "ChessBase"]
[SourceDate "2022.05.31"]
[SourceVersion "1"]
[SourceVersionDate "2022.05.31"]
[SourceQuality "1"]

1. e4 e5 2. Nf3 Nc6 3. Bc4 Bc5 4. c3 Nf6 5. d4 exd4 6. cxd4 Bb4+ 7. Bd2 Bxd2+ 8. Nbxd2 d5 9. exd5 Nxd5 10. Qb3 Nce7 11. 0-0 0-0 12. Rac1 c6 13. Rfd1 Nb6 14. Bf1 h6 15. Ne4 Be6 16. Qa3 Nf5 17. Nc5 Qe7 18. b3 Rfd8 19. Qb2 Rab8 20. g3 Bd5 21. Ne1 Qf6 22. Rd3 Nd7 23. Qc3 Nf8 24. Nc2 Ne6 25. Rcd1 b6 26. Na6 Rbc8 27. f3 Qg6 28. Bg2 h5 29. Qe1 Re8 30. Qf2 Rcd8 31. Nab4 a5 32. Nxd5 Rxd5 33. f4 Rd6 34. Na3 b5 35. d5 Red8 36. Qf3 Nc5 37. R3d2 R6d7 38. Qc3 b4 39. Qxc5 bxa3 40. Qxa3 Ne3 41. Rc1 Nxg2 42. Rxg2 cxd5 43. Qxa5 d4 44. Rd1 d3 45. Rgd2 Rd5 46. Qc3 h4 47. Kf2 h3 48. Re1 Qb6+ 49. Kf3 Rc5 50. Qb2 Qc6+ 51. Kf2 Qg2+ 52. Ke3 Re8+ 53. Kd4 Qd5# 0-1

[Event "EU-ch U10 Girls 26th"]
[Site "Prague"]
[Date "2016.08.24"]
[Round "6"]
[White "Dallemura, Anna"]
[Black "Pshevskaya, Yana"]
[Result "1-0"]
[WhiteElo "1064"]
[BlackElo "1362"]
[PlyCount "119"]
[EventDate "2016.08.18"]
[EventType "swiss"]
[EventRounds "9"]
[EventCountry "CZE"]
[SourceTitle "CBM 174 Extra"]
[Source "ChessBase"]
[SourceDate "2016.10.10"]
[SourceVersion "1"]
[SourceVersionDate "2016.10.10"]
[SourceQuality "1"]

1. e4 c5 2. Nf3 d6 3. c3 Nf6 4. Bd3 Nbd7 5. h3 a6 6. Bc2 b6 7. 0-0 Bb7 8. Re1 e6 9. d4 Qc7 10. Nbd2 Be7 11. Nf1 Rc8 12. Ng3 cxd4 13. Nxd4 0-0 14. Be3 Nc5 15. Bg5 h6 16. Bxf6 Bxf6 17. Nf3 Rfd8 18. Rc1 Nd7 19. Qe2 Ne5 20. Nxe5 Bxe5 21. Qg4 Bxg3 22. Qxg3 d5 23. Qxc7 Rxc7 24. exd5 Rxd5 25. Red1 Rcd7 26. Rxd5 Bxd5 27. Rd1 Bc6 28. Rxd7 Bxd7 29. Bd3 a5 30. a3 Kf8 31. Kf1 Ke7 32. Ke2 Kd6 33. b4 axb4 34. cxb4 Bc6 35. f3 e5 36. Ke3 Bd5 37. a4 g6 38. g4 Bc6 39. a5 b5 40. Be4 Bxe4 41. Kxe4 f6 42. f4 exf4 43. Kxf4 Kc6 44. h4 Kd5 45. h5 gxh5 46. gxh5 Kc6 47. Kf5 Kd5 48. Kxf6 Kc4 49. a6 Kxb4 50. a7 Kc3 51. a8Q b4 52. Qf3+ Kc2 53. Qe2+ Kc3 54. Qa2 b3 55. Qb1 b2 56. Kg6 Kb3 57. Kxh6 Ka3 58. Kg6 Kb3 59. h6 Ka3 60. h7 1-0